000 00510nam a2200217Ia 4500
008 210210b2012 xxu||||| |||| 00| 0 eng d
020 _a9781259071027
041 _aeng
082 _a302 MYEE
100 _aMYERS (David G)
245 _aExploring social psychology Ed 6
260 _aNew York
_bMcGraw Hill company
_c2012
300 _axx,521
650 _asocial
650 _apsychology
650 _aExploring
650 _aEd
650 _a6
690 _aSocial Psychology
906 _a072665
999 _c122510
_d122510